| 000 | 00645nam a2200217 a 4500 | ||
|---|---|---|---|
| 005 | 20240228063924.0 | ||
| 008 | 080422m19992005mx r 000 0 spa d | ||
| 020 | _a9681661516 | ||
| 035 | _aUPN01000155564 | ||
| 049 | _aI | ||
| 050 | 4 |
_aPZ71 _bI8.7 1999 |
|
| 100 | 1 |
_aIsol, _d1972- |
|
| 245 | 1 | 0 |
_aRegalo sorpresa / _cIsol. |
| 250 | _a2a ed. | ||
| 260 |
_aMéxico : _bFCE, _c1999 (2005 impr.). |
||
| 300 |
_a25, [7] p. : _bprincipalmente il. |
||
| 440 | 0 |
_aA la orilla del viento. _pPara los que están aprendiendo a leer ; _v103 |
|
| 650 | 4 |
_aCuentos infantiles _96744 |
|
| 650 | 4 |
_aLibros y lectura para niños _92290 |
|
| 905 | _aInfantil | ||
| 999 |
_c127679 _d127679 |
||